000 00283nam a22001337a 4500
008 181122b xxu||||| |||| 00| 0 eng d
020 _a9781603760751
041 _aeng
080 _a781
100 _a45
101 _aMUZ
245 _aVerdi's Operas
_cAida,L.T
942 _2udc
_cBK
999 _c52334
_d52334